Eva luna

Spremljeno u:
Bibliografski detalji
Glavni autor: Allende, Isabel, 1942- (autora)
Format: Knjiga
Jezik:španjolski
Izdano: Barcelona Plaza and Janes 1991
Serija:Colección Literaria
Teme:
Oznake: Dodaj oznaku
Bez oznaka, Budi prvi tko označuje ovaj zapis!

MARC

LEADER 00000nam a2200000 a 4500
001 UCT7496
003 CL-VaPUC
008 970123e19910000SP |||||||||||||||||spa|d
082 0 4 |a Ch863  |b ALL  |2 21 
100 |a Allende, Isabel,  |d 1942-  |e autora  |9 318389 
245 1 0 |a Eva luna 
300 |a 282 p 
942 |c BK 
945 |d 19970123 00:00:00  |a rbrito 
260 |a Barcelona  |b Plaza and Janes  |c 1991 
650 0 |a Novelas chilenas   |9 265425 
583 |a last modification  |c 19970123 00:00:00  |k Rodrigo Vera 
490 0 |a Colección Literaria 
999 |c 256111  |d 256109 
952 |0 0  |1 0  |4 0  |6 CH_863_000000000000000_ALL_1991  |7 0  |8 A  |9 278673  |a BIBEDU  |b BIBEDU  |c ES_NOD  |d 2019-11-19  |i 3284581  |o Ch863 ALL 1991  |p 3284581  |r 2023-08-09  |w 2019-11-19  |y BK  |k LIT